000
00189nam a2200073Ia 4500
008
170817s9999 xx 000 0 und d
100
_a
Aggarwal.J.C
245
0
_a
Basic Ideas In Educational Psychology
260
_b
Shipra Pub
999
_c
38343
_d
38343